000 01306nam a22003737a 4500
003 CHAP
005 20220817042920.0
008 971013s1996 r 00010 d
010 _a59781
011 _a60753
035 _a64915
040 _cCHAP
090 _aTesis
100 0 0 _aPérez Hernández, Mauricio.
_989741
245 _aAvances sobre mejoramiento genético en pollos de engorda y su impacto en la avicultura nacional
260 _aChapingo, Méx. :
_bEl autor,
_c1996
300 _a47 h.
502 _aTesis (Ing. Agr. Esp. en Zootecnia) -- UACH. Departamento de Zootecnia
590 _aALEPH
_b10
_c20130110
_lUCH01
_h1338
590 _aBATCH-UPD
_b10
_c20130110
_lUCH01
_h0753
590 _aBATCH-UPD
_b10
_c20130110
_lUCH01
_h2350
590 _aBATCH-UPD
_b10
_c20130410
_lUCH01
_h0433
590 _aBATCH-UPD
_b10
_c20130914
_lUCH01
_h0447
590 _aBATCH-UPD
_b10
_c20130914
_lUCH01
_h2115
590 _aCONVERSION
_b10
_c20130109
_lUCH01
_h1332
650 1 4 _aAves de corral
_xEngorda.
_98647
650 1 4 _aAves de corral
_xMejoramiento.
_98659
650 1 4 _aAvicultura
_xMéxico.
700 0 _aRodríguez Salazar, Gustavo.
_998888
901 _aBK
942 _cFOLL
949 _bBC
_cTES
_d-143237
_eTS1
_h28838
_i64915
_si
949 _bBC
_cTES
_d33724000078846
_eTS2
_fc.2
_h28839
_i64915
_si
999 _c59781
_d59781